Ядерно топливный цикл; Студенческий научный форум 2015

Bibliographische Detailangaben
Parent link:Студенческий научный форум 2015.— 2015.— [6 с.]
1. Verfasser: Зяблова Н. Н. Наталия Николаевна
Körperschaft: Национальный исследовательский Томский политехнический университет (ТПУ) Физико-технический институт (ФТИ) Кафедра иностранных языков физико-технического института (ИЯФТ)
Weitere Verfasser: Карпова Н. Д.
Zusammenfassung:Заглавие с экрана
Данная статья раскрывает понятие ядерно топливного цикла. Объясняет его значение и раскрывает некоторые принципы работы, а так же виды циклов. В статье приведены некоторые исследования в области урановых ядерно топливных циклов.
The present article is about nuclear fuel cycle. Explain it's meaning and open some principles of operation. The article presents some research in the uranium nuclear fuel cycle.
Sprache:Englisch
Veröffentlicht: 2015
Schlagworte:
Online-Zugang:http://www.scienceforum.ru/2015/20/16314
Format: Elektronisch Buchkapitel
KOHA link:https://koha.lib.tpu.ru/cgi-bin/koha/opac-detail.pl?biblionumber=641225

MARC

LEADER 00000naa0a2200000 4500
001 641225
005 20250314161036.0
035 |a (RuTPU)RU\TPU\network\6111 
035 |a RU\TPU\network\3407 
090 |a 641225 
100 |a 20150513d2015 k||y0rusy50 ca 
101 0 |a eng 
102 |a RU 
135 |a drcn ---uucaa 
181 0 |a i  
182 0 |a b 
200 1 |a Ядерно топливный цикл  |d Nuckear Fuel Cycle  |f Н. Н. Зяблова, Н. Д. Карпова 
203 |a Text  |c electronic 
300 |a Заглавие с экрана 
320 |a [References: 3 назв.] 
330 |a Данная статья раскрывает понятие ядерно топливного цикла. Объясняет его значение и раскрывает некоторые принципы работы, а так же виды циклов. В статье приведены некоторые исследования в области урановых ядерно топливных циклов. 
330 |a The present article is about nuclear fuel cycle. Explain it's meaning and open some principles of operation. The article presents some research in the uranium nuclear fuel cycle. 
463 |t Студенческий научный форум 2015  |o VII Международная студенческая электронная научная конференция, 15 февраля - 31 марта  |v [6 с.]  |d 2015 
510 1 |a Nuckear Fuel Cycle  |z eng 
610 1 |a электронный ресурс 
610 1 |a труды учёных ТПУ 
610 1 |a ядерно-топливный цикл 
610 1 |a ядерное топливо 
610 1 |a реакторы 
610 1 |a топливные циклы 
700 1 |a Зяблова  |b Н. Н.  |c лингвист  |c доцент Томского политехнического университета, кандидат филологических наук  |f 1976-  |g Наталия Николаевна  |3 (RuTPU)RU\TPU\pers\32081  |9 16120 
701 1 |a Карпова  |b Н. Д. 
712 0 2 |a Национальный исследовательский Томский политехнический университет (ТПУ)  |b Физико-технический институт (ФТИ)  |b Кафедра иностранных языков физико-технического института (ИЯФТ)  |3 (RuTPU)RU\TPU\col\18736 
801 2 |a RU  |b 63413507  |c 20150514  |g RCR 
856 4 |u http://www.scienceforum.ru/2015/20/16314 
942 |c CF